Proceeding of the first joint worlshop on environmental conservation and suitainable agriculture

Spremljeno u:
Bibliografski detalji
Autori kompanije: CanTho University, College of Agriculture
Format: Knjiga
Jezik:Undetermined
Izdano: Can Tho CanTho University 2000
Teme:
Oznake: Dodaj oznaku
Bez oznaka, Budi prvi tko označuje ovaj zapis!
Thư viện lưu trữ: Trung tâm Học liệu Trường Đại học Cần Thơ
LEADER 00580nam a2200181Ia 4500
001 CTU_127313
008 210402s9999 xx 000 0 und d
082 |a 630.72 
082 |b C212 
110 |a CanTho University 
110 |b College of Agriculture 
245 0 |a Proceeding of the first joint worlshop on environmental conservation and suitainable agriculture 
245 0 |c CanTho University. College of Agriculture 
260 |a Can Tho 
260 |b CanTho University 
260 |c 2000 
650 |a Agriculture 
980 |a Trung tâm Học liệu Trường Đại học Cần Thơ